000 00385nam a2200145Ia 4500
008 230917s9999||||xx |||||||||||||| ||und||
040 _e203244
_aMAIN
041 _aEnglish
082 _a338.4791 E35M
100 _aEdgell, David L
245 0 _aManaging sustainable tourism: A legacy for the future
260 _aNew York
_bRoutledge
_c2010
300 _axvii, 144 p.
942 _cBK
999 _c172300
_d172300